Normal view
MARC view
- الاطفال - نمو ، الاطفال - رعاية
Entry Topical Term
001 - CONTROL NUMBER
- control field: 6974
003 - CONTROL NUMBER IDENTIFIER
- control field: JO-AjAnu
005 - DATE AND TIME OF LATEST TRANSACTION
- control field: 20230606071429.0
008 - FIXED-LENGTH DATA ELEMENTS
- fixed length control field: 230606|| aca||aabn | a|a d
040 ## - CATALOGING SOURCE
- Original cataloging agency: JO-AjAnu
- Transcribing agency: JO-AjAnu
150 ## - HEADING--TOPICAL TERM
- Topical term or geographic name entry element: الاطفال - نمو ، الاطفال - رعاية
670 ## - SOURCE DATA FOUND
- Source citation: Work cat.: (JO-AjAnu)3612: درويش، زكي محمد، م.مشارك الخولى، أمين أنور، م.مشارك أبو العلا، عبده, author 6973, التنشئة البدنية للطفل